Sociología cultural: formas de clasificación en las sociedades complejas
Сохранить в:
| Главный автор: | |
|---|---|
| Соавтор: | |
| Формат: | Текст |
| Опубликовано: |
México, D.F.
|
| Предметы: | |
| Метки: |
Добавить метку
Нет меток, Требуется 1-ая метка записи!
|
MARC
| LEADER | 00000 a a2200000 04500 | ||
|---|---|---|---|
| 001 | 27096 | ||
| 003 | |||
| 040 | |||
| 090 | |a 146500 | ||
| 100 | |a Alexander, Jeffry C. | ||
| 110 | |a FLACSO (México) | ||
| 245 | |a Sociología cultural: formas de clasificación en las sociedades complejas | ||
| 260 | |a México, D.F. | ||
| 300 | |a 269 p; v. 23 | ||
| 650 | |a SOCIOLOGIA | ||
| 650 | |a CULTURA | ||
| 650 | |a TEORIA SOCIAL | ||
| 650 | |a METODOLOGIA | ||
| 650 | |a PARTICIPACION SOCIAL | ||
| 650 | |a SISTEMA SOCIAL | ||
| 650 | |a SOCIEDAD CIVIL | ||
| 650 | |a CAPITALISMO | ||
| 999 | |c 12122 |d 12122 | ||
